000 00286nam a22001217a 4500
041 _aENG
100 _aMishra .A.S
245 _aParticipatory Integrated Watershed Managent
260 _aDehradun
_bCentral Soil
_c2004
300 _a434
650 _aSWCE ( 06 )
856 _uSWCE ( 06 )
999 _c2944
_d2944